| 000 | 00513nam a22001577a 4500 | ||
|---|---|---|---|
| 999 |
_c533717 _d533717 |
||
| 020 | _qHard Cover. | ||
| 082 | _a624.15 | ||
| 100 | _aAhmad, Aamir | ||
| 245 |
_aMechanical Properties of Lawrencepur Sand in Critical State Framework / _cAamir Ahmad. |
||
| 260 |
_aIslamabad: _bSCEE - NUST, _c2015. |
||
| 300 |
_a113 p. : _bill. ; _c30cm. |
||
| 942 |
_2ddc _cTHE |
||
| 650 |
_aGeotechnical Engineering MS-Thesis. _916696 |
||
| 700 |
_aDr.Kamran Akhtar. _927407 |
||